Villes du jeu Les Aventuriers du rail - Scandinavie - Statistiques

Statistiques générales
  • Ce quiz a été pris 7 fois
  • Le résultat moyen est 16 sur 39
Statistiques - réponses
Hint Réponse % Correct
Norvège Bergen
100%
Suède Göteborg
100%
Danemark København
100%
Suède Stockholm
100%
Danemark Ålborg
86%
Finlande Helsinki
86%
Norvège Oslo
86%
Finlande Tampere
86%
Norvège Tromsø
86%
Danemark Århus
71%
Finlande Rovaniemi
71%
Norvège Stavanger
71%
Norvège Narvik
57%
Finlande Oulu
57%
Estonie Talinn
57%
Russie Murmansk
43%
Finlande Turku
43%
Suède Umeå
43%
Suède Kiruna
29%
Norvège Kristiansand
29%
Finlande Lahti
29%
Norvège Trondheim
29%
Finlande Vaasa
29%
Suède Boden
14%
Norvège Honningsvåg
14%
Finlande Kajaani
14%
Norvège Kirkenes
14%
Finlande Kuopio
14%
Finlande Lieska
14%
Norvège Lillehammer
14%
Norvège Mo i rana
14%
Suède Norrköping
14%
Finlande Tornio
14%
Norvège Åndalsnes
0%
Finlande Imatra
0%
Suède Karlskrona
0%
Suède Örebro
0%
Suède Östersund
0%
Suède Sundsvall
0%
Aucun quiz correspondant
Distribution des résultats
% des personnes avec chaque résultat
Percentile par nombre de réponses
Votre historique - résultats
Vous n’avez pas pris ce quiz